000 00769nam a2200265Ia 4500
005 20260302115446.0
008 008 260114s9999 xx 000 0 eng d
020 _a9781350200890
037 _aTextbook
040 _aCRL
040 _beng
040 _cCRL
041 _2eng
041 _aeng
084 _qCRL
100 _aNely Keinänen and Per Sivefors
_91121654
245 0 _aDisseminating Shakespeare in the Nordic Countries Shifting Centres and Peripheries in the Nineteenth Century
260 _bBloomsbury
260 _bThe Arden Shakespeare
260 _c2022
650 _aLiterary Studies
856 _uhttps://doi.org/10.5040/9781350200890?locatt=label:secondary_bloomsburyCollections
942 _cEBOOK
999 _c1686290
_d1686290